书目信息 |
| 题名: |
工程热力学
|
|
| 作者: | ;吉林工业大学热工教研室 编 | |
| 分册: | ||
| 出版信息: | 北京 人民教育出版社 1979.5 |
|
| 页数: | 390 | |
| 开本: | 21cm | |
| 丛书名: | ||
| 单 册: | ||
| 中图分类: | TK12 | |
| 科图分类: | ||
| 主题词: | 热力工程--理论 | |
| 电子资源: | ||
| ISBN: | ||
| 000 | 00626nam0 2200205 45 | |
| 001 | 0181013431 | |
| 005 | 20060731111705.76 | |
| 010 | @dCNY1.35 | |
| 091 | @a15012.0158 | |
| 100 | @a20810111d km y0chiy0120 ea | |
| 101 | 0 | @achi |
| 200 | 1 | @a工程热力学@Agong cheng re li xue@f吉林工业大学热工教研室编@Fji lin gong ye da xue |
| 210 | @a北京@c人民教育出版社@d1979.5 | |
| 215 | @a390@d21cm | |
| 300 | @a高等学校试用教材 | |
| 606 | 0 | @a热力工程@x理论 |
| 690 | @aTK12 | |
| 711 | 02 | @a吉林工业大学热工教研室@Aji lin gong ye da xue re gong jiao yan shi@4编 |
| 801 | @aCN@bTSTC@c20060731 | |
| 905 | @dTK12@f1@b147462@e19@b147465@f1 | |
| 工程热力学/吉林工业大学热工教研室编.-北京:人民教育出版社,1979.5 |
| 390;21cm |
| 高等学校试用教材 |
| ISBN :CNY1.35 |
| ● |
| 相关链接 |
|
|
|
|
正题名:工程热力学
索取号:TK12/19
 
预约/预借
| 序号 | 登录号 | 条形码 | 馆藏地/架位号 | 状态 | 备注 |
| 1 | 0147462 | 001367899 | 第三借阅区/ [索取号:TK12/19] | 在馆 | |
| 2 | 0147463 | 202217626 | 密集书库/ [索取号:TK12/19] | 在馆 | |
| 3 | 0147464 | 202217635 | 密集书库/ [索取号:TK12/19] | 在馆 | |
| 4 | 0147465 | 001465104 | 密集书库/ [索取号:TK12/19] | 在馆 | |
| 5 | 0147466 | 001367853 | 第二样本阅览室/ [索取号:TK12/19] | 在馆 | |
| 6 | 0439134 | 204391345 | 密集书库/ [索取号:TK12/19] | 在馆 |